000 00609nas a2200229 4500
001 BR9207398
003 BR-BrBNA
005 20231205095024.0
007 ta
008 230509b bl.|||p| |||| 00| 00por d
040 _aBR-BrBNA
_bpor
_cBiblioteca Nacional de Agricultura
041 _a(Pt)
072 _aM12
100 1 _aSchmidt, A.A.P.
245 1 _aEspecies de criacao
650 _aPeixe
650 _aCriacao
650 _aTilapia
773 0 _tRevista Nacional da Carne (Brazil)
_x
_g(Mar 1991), v. 15(169) p. 38
_wBR9207398
909 _a202311
_bLúcia
_c55
_dLúcia Elande
942 _2AGRIS
_n0
_cANA
999 _c148308
_d148308